| 000 | 01082nam a2200289 a 4500 | ||
|---|---|---|---|
| 001 | 41773 | ||
| 003 | BD-RjUL | ||
| 005 | 20211209053440.0 | ||
| 008 | 160606s1947 enkb a 001 0 eng c | ||
| 035 | _a(BD-RjUL) | ||
| 035 | _a(OCoLC)6260625 | ||
| 040 |
_aHarvard Univ. Libr. _cOUrC _dOCoLC _dDLC _beng |
||
| 041 | _aeng | ||
| 082 | 0 | 0 |
_a909.82 _223 _bCAI 1967 |
| 100 | 1 |
_aCarr, Edward Hallett, _d1892-1982. _9119255 |
|
| 245 | 1 | 0 | _aInternational relations between the two world wars, 1919-1939. |
| 260 |
_aLondon : _bMacmillan, _c1947. |
||
| 300 |
_aviii, 302 p. : _bill. ; _c19 cm. |
||
| 500 | _a"First published under the title 'International relations since the peace treaties.'" | ||
| 505 | 2 | _aAppendices:--1. The Monroe doctrine.--2. Wilson's fourteen points.--3. Extracts from the Covenant of the League of Nations. | |
| 610 | 2 | 0 |
_aLeague of Nations. _9128334 |
| 650 | 0 |
_aWorld politics. _9128335 |
|
| 650 | 0 |
_aWorld War, 1914-1918 _xInfluence. _9117399 |
|
| 651 | 0 |
_aEurope _xPolitics and government _y1918-1945. _9128336 |
|
| 942 |
_2ddc _cBK |
||
| 999 |
_c41773 _d41773 |
||